Загрузка...

Kerala Navodhanam (vol.2): mathacharyar mathanishedhikal/

Библиографические подробности
Главный автор: Govinda Pillai P
Формат: Printed Book
Опубликовано: Thiruvananthapuram: Chintha Publishers, 2018.
Редактирование:5th
Предметы:
LEADER 00647nam a22001811a 4500
999 |c 144211  |d 144211 
020 |a 9789383155873 
082 |a M 954.83  |b GOV/K.2 
100 |a Govinda Pillai P 
245 |a Kerala Navodhanam (vol.2):  |b mathacharyar mathanishedhikal/  |c by Govinda Pillai P 
250 |a 5th 
260 |a Thiruvananthapuram:  |b Chintha Publishers,  |c 2018. 
300 |a 208p. 
650 |a History Kerala 
650 |a History India 
650 |a History 
942 |c BK 
952 |0 0  |1 0  |4 0  |6 M_954_830000000000000_GOV_K_2  |7 0  |9 101214  |a SSUS  |b SSUS  |c STACKS  |d 2019-11-26  |g 210.00  |l 1  |o M 954.83 GOV/K.2  |p 097895  |q 2020-05-12  |r 2020-04-28  |s 2020-04-28  |w 2019-11-26  |y BK